00484cam a2200157ua 45000010005000000080039000050400009000440820012000531000038000652450084001032500018001872600043002053000010002486530022002586530046002805962131030n ii |||gr||||Z||||||eng cMAIN a342.029 aKeith,Arthur Berriedale,eAuthor. aConstitutional History of India : b1600-1935 / cby Arthur Berriedale Keith .  a2nd.b2nd ed. aAllahabad:bCentral Book Depot,c1961. a523p. aPolitical science aConstitutional History of India 1600-1935